000 03034cam a2200193 i 4500
020 _a9781625274793 (hardback)
040 _cDLC
082 0 0 _a658 JON 2014 A113 Or.
100 1 _aKolko, Jon.
245 1 0 _aWell-designed :
_bhow to use empathy to create products people love /
300 _aviii, 234 pages :
_billustrations ;
_c23 cm
520 _a"A new way to create-and then disrupt Industry disruption is no longer isolated to a unique product or service. Today's consumer needs engagement in order to be swayed to interact, connect, and buy your next offering. Achieve this and you'll achieve success. Sharp and refreshing, design insider and expert Jon Kolko offers a new view and usable process for conceiving and building powerful, emotionally resonant new products in this new book. In Well-Designed, Kolko-VP at MyEdu and Founder and Director of the Austin Center for Design--shows how deep, meaningful engagement happens when products and services are delivered in an authentic way, when consumers see them less like manufactured artifacts and more like good friends. The key is empathy-driven design thinking, using a process of storytelling and iteration, with results that provoke emotion, change behavior, and create deep engagement. Kolko, who has been engaged in this process of design for more than 15 years, now shares a concrete set of steps for identifying lucrative opportunities, designing for innovation, and producing products that have deep, meaningful emotional engagement. By following this process, readers will learn how to raise the role of design to a strategic competency"--
520 _a"A new way to create--and then disrupt Industry disruption is no longer isolated to a unique product or service. Today's consumer needs engagement in order to be swayed to interact, connect, and buy your next offering. Achieve this and you'll achieve success. Sharp and refreshing, design insider and expert Jon Kolko offers a new view and usable process for conceiving and building powerful, emotionally resonant new products in this new book. In Well-Designed, Kolko--VP at MyEdu and Founder and Director of the Austin Center for Design--shows how deep, meaningful engagement happens when products and services are delivered in an authentic way, when consumers see them less like manufactured artifacts and more like good friends. The key is empathy-driven design thinking, using a process of storytelling and iteration, with results that provoke emotion, change behavior, and create deep engagement. Kolko, who has been engaged in this process of design for more than 15 years, now shares a concrete set of steps for identifying lucrative opportunities, designing for innovation, and producing products that have deep, meaningful emotional engagement. By following this process, readers will learn how to raise the role of design to a strategic competency"--
650 0 _aProduct design.
650 0 _aNew products.
650 0 _aConsumer behavior.
650 0 _aMarketing research.
942 _cEK
999 _c17378
_d17378